000 00738nam a2200205 i 4500
001 138113
003 ES-MaACL
005 20250902103606.0
007 t|
008 070214s1914 sp a |||| | spa d
100 1 _aSánchez Pérez, José Augusto.
_9102843
245 1 4 _aLos inventos de Torres Quevedo /
_cJosé Augusto Sánchez Pérez.
260 _aMadrid :
_bSociedad Matemática Española,
_c1914 (
_fImp. de Eduardo Arias)
300 _a24 p. :
_bil. ;
_c24 cm.
596 _aPubl. por la Revista de la Sociedad Matemática Española.
600 1 4 _aTorres Quevedo, Leonardo,
_d1852-1936
_9111002
710 2 _aReal Sociedad Matemática Española
_96404
852 _aES-MaACL
_jT-1432-F-14
999 _c138113
_d138113